000 00796nam a22002657a 4500
001 BR7803132
003 BR-BrBNA
005 20230928085611.0
007 ta
008 230509b bl.||||| |||| 00| 0 por d
040 _aBR-BrBNA
_bpor
_cBiblioteca Nacional de Agricultura
041 _a(Por)
072 _aF00
_b0336
_b/G514
090 _ 0336 BR7803132
100 1 _aSoldateli, D.
110 1 _aAssociacao de Credito e Assistencia Rural do Estado de Santa Catarina, Florianopolis (Brasil)
_9468
245 1 _aHistoria da soja em Santa Catarina [Glycine max, produtividade, Brasil]
260 3 _aFlorianopolis, SC (Brasil):
_c1978.
300 _a4 p.
650 _aSOJA
650 _aPRODUTIVIDADE
650 _aSANTA CATARINA
909 _a202309
_bLucia
_c55
_dLucia Elande
942 _cBK
999 _c25308
_d25308